Західньоканадський збірник (Запис № 416476)

МАРК-запис
000 -Лідер
fixed length control field 00998nam a22002777a 4500
001 - Контрольний номер
control field 136130
003 - Ідентифікатор контрольного номера
control field UA-OsUOA
005 - Дата та час останнього входження (трансакції)
control field 20220315184226.0
007 - Фіксоване поле фізичного опису
fixed length control field ta
008 - Елементи даних фіксованої довжини – загальна інформація
fixed length control field 20190307b un ||||| |||| 00| 0 ukr d
020 ## - Міжнародний стандартний книжковий номер (ISBN)
Міжнародний стандартний книжковий номер (ISBN) (НП) 978-0-9688187-9-4
040 ## - Джерело каталогізації
Агенція оригінальної каталогізації UA-OsUOA
Мова каталогізації ukr
Агенція, яка здійснювала перезапис UA-OsUOA
Агенція, яка здійснювала модифікацію UA-OsUOA
041 ## - Код мови
Код мови тексту/ звукової доріжки чи окремого заголовка (П) ukr
080 ## - Індекс Універсальної десяткової класифікації
Індекс Універсальної десяткової класифікації (УДК) (НП) 94(477).152
090 ## - Локальний шифр розміщення
Класифікаційний індекс УДК 94(477).152
Авторський знак (НП) З-38
245 ## - Відомості про назву
Назва (НП) Західньоканадський збірник
Решта назви (НП) збірник про українське життя в Західній Канаді
Дані про відповідальність (НП) за ред. В. Полковського, М. Сороки
Номер частини/ розділу роботи (П) Ч. 6
260 ## - Публікація, розповсюдження і т.п. (Вихідні дані)
Місце публікації, розповсюдження і т.п. (П) Едмонтон-Острог
Ім’я/ наймення видавництва, розповсюджувача і т.п. (П) Острозька академія
Дата публікації, розповсюдження і т.п. (П) 2012
300 ## - Фізичний опис
Обсяг 436 с.
505 ## - Форматована примітка про зміст
Змішана інформація Т. XLV
650 #7 - Додаткове предметне введення – тематичний термін
Тематичний термін чи географічна назва, як елемент введення (НП) 9 Географія. Біографії. Історія
Джерело заголовка чи терміна UDC
700 1# - Додаткове введення – ім'я особи
Ім’я особи (НП) Полковський В.
Термін відношення ред.
700 1# - Додаткове введення – ім'я особи
Ім’я особи (НП) Сорока М.
Термін відношення ред.
942 ## - Додаткові елементи входу (Коха)
Тип елемента Koha Книги
Source of classification or shelving scheme Universal Decimal Classification
955 ## - Код типу видання за змістом
Код типу видання за змістом (НП) Наукові видання
Фонди
Стан вилучень Стан втрат Джерело класифікації або схеми стелажів Стан уражень Не для кредиту Постійне місце розташування Поточне розміщення Дата придбання Джерело придбання Вартість, звичайна ціна покупки Послідовне перерахування / хронологія Інвентарний номер Повний номер виклику Штрих-код Дата останнього перегляду Ціна ефективна від Тип елемента Koha Примітка, призначена для загального доступу
    Universal Decimal Classification     ЧЗ - Читальна зала ЧЗ - Читальна зала 07/03/2019 13/2019 50.00 Т. XLV 161289 94(477).152 З-38 161289 09/02/2022 07/03/2019 Книги з автографом В. Полковського